Foreign direct investment in infrastructure (Record no. 43736)

MARC details
000 -LEADER
fixed length control field 00618nam a2200169 a 4500
008 - FIXED-LENGTH DATA ELEMENTS--GENERAL INFORMATION
fixed length control field 120416s0000 ||||||||||||||||| || u
020 ## - INTERNATIONAL STANDARD BOOK NUMBER
International Standard Book Number 0821338854
050 ## - LIBRARY OF CONGRESS CALL NUMBER
Classification number IBRD(08)FIAS
100 ## - MAIN ENTRY--PERSONAL NAME
Personal name Donaldson, David J., 1938-
245 10 - TITLE STATEMENT
Title Foreign direct investment in infrastructure
246 ## - VARYING FORM OF TITLE
Title proper/short title the challenge of Southern and Eastern Africa
260 ## - PUBLICATION, DISTRIBUTION, ETC.
Place of publication, distribution, etc. Washiongton, D.C.
Name of publisher, distributor, etc. World Bank
Date of publication, distribution, etc. 1997
300 ## - PHYSICAL DESCRIPTION
Extent vii, 28p. : ill.
350 ## - PRICE (NR) (BK AM CF MU VM SE) [OBSOLETE]
Price 0.00
700 ## - ADDED ENTRY--PERSONAL NAME
Personal name Wagle, Dileep M
995 ## - RECOMMENDATION 995 [LOCAL, UNIMARC FRANCE]
-- 0.00
-- CBU-MAIN LIBRARY (Kitwe)
-- 1
-- 0.00
-- 1
-- AVAILABLE
-- International Publications
Holdings
Withdrawn status Lost status Source of classification or shelving scheme Damaged status Not for loan Home library Current library Shelving location Date acquired Total Checkouts Full call number Barcode Date last seen Price effective from Koha item type
          CBU-MAIN LIBRARY, KITWE. CBU-MAIN LIBRARY, KITWE.   11/30/2022   IBRD(08)FIAS 020606 11/30/2022 11/30/2022 MONOGRAPH